<?xml version="1.0" encoding="UTF-8"?>
<collection xmlns="http://www.loc.gov/MARC21/slim">
    <record>
        <controlfield tag="001">4098</controlfield>
        <controlfield tag="005">20190219123706.0</controlfield>
        <datafield tag="037" ind1=" " ind2=" ">
            <subfield code="a">TESIS-2009-078</subfield>
        </datafield>
        <datafield tag="041" ind1=" " ind2=" ">
            <subfield code="a">spa</subfield>
        </datafield>
        <datafield tag="100" ind1="1" ind2=" ">
            <subfield code="a">Gómez Ochoa, Pablo</subfield>
        </datafield>
        <datafield tag="245" ind1="0" ind2="0">
            <subfield code="a">Estudio de un nuevo tratamiento de la leishmaniosis canina.   Valoración del efecto inmunomodulador de la domperidona.</subfield>
        </datafield>
        <datafield tag="260" ind1=" " ind2=" ">
            <subfield code="a">Zaragoza</subfield>
            <subfield code="b">Universidad de Zaragoza</subfield>
            <subfield code="c">2004</subfield>
        </datafield>
        <datafield tag="300" ind1=" " ind2=" ">
            <subfield code="a">212</subfield>
        </datafield>
        <datafield tag="500" ind1=" " ind2=" ">
            <subfield code="a">Presentado:  29 04 2004</subfield>
        </datafield>
        <datafield tag="502" ind1=" " ind2=" ">
            <subfield code="a">Tesis-Univ. Zaragoza</subfield>
            <subfield code="b">Zaragoza, Universidad de Zaragoza</subfield>
            <subfield code="c">2004</subfield>
        </datafield>
        <datafield tag="506" ind1=" " ind2=" ">
            <subfield code="a">by-nc-nd</subfield>
            <subfield code="b">Creative Commons</subfield>
            <subfield code="c">3.0</subfield>
            <subfield code="u">https://creativecommons.org/licenses/by-nc-nd/3.0/</subfield>
        </datafield>
        <datafield tag="520" ind1=" " ind2=" ">
            <subfield code="a">La leishmaniasis canina es una enfermedad parasitaria causada por un protozoo y transmitida por un mosquito (Phlebotomus perniciosus). Esta enfermedad está reconocida por la OMS como emergente y además es una zoonosis (se transmite a las personas). El protozoo (Leishmania infantum) tiene dos formas, una en el mosquito denominada promastigote (alargada, con flagelo y que se encuentra fuera de las células) y otra llamada amastigote que se encuentra en el perro (redonda, sin flagelo y dentro de las células). El ciclo del parásito es el siguiente: el promastigote se encuentra en el mosquito infectado y al picar a un perro se lo inocula. Estos promastigotes entran en contacto con las primeras células de defensa de la piel (las células dendríticas). Al encontrarse estas células en reposo no son capaces de destruir al parásito que se transforma en su interior en amastigote, comenzando a partir de este punto una diseminación. Se infectan los macrófagos y se dispersa el parásito a ganglios linfáticos y al resto del organismo. Cuando este perro sea picado el mosquito ingiere la sangre con los macrófagos infectados de amastigotes que en el interior de mosquito se transforman en promastigotes, cerrándose el ciclo. La tesis describe el uso de un fármaco, la domperidona, para la estimulación de las células dendríticas y los macrófagos que en estado de activación son capaces de destruir la forma infectiva del parásito, el promastigote. Este fármaco está comercializado y tiene varias indicaciones (inhibición del vómito, aumento de la motilidad intestinal…) pero no para lel tratamiento de la leishmaniasis canina. El mecanismo por el que consigue activar las células dendríticas es a través del bloqueo de los receptores D2 de la dopamina, se produce entonces serotonina y prolactina que estimulan dichas células usando a los linfocitos Th1 como efectores.En esta tesis se realizan varias pruebas de cinética y estimulación, la secuenciación de la prolactina canina y una prueba de campo con animales enfermos.</subfield>
        </datafield>
        <datafield tag="653" ind1="1" ind2=" ">
            <subfield code="a">leishmaniasis</subfield>
        </datafield>
        <datafield tag="653" ind1="1" ind2=" ">
            <subfield code="a">domperidona</subfield>
        </datafield>
        <datafield tag="653" ind1="1" ind2=" ">
            <subfield code="a">inmunoestimulacion</subfield>
        </datafield>
        <datafield tag="700" ind1=" " ind2=" ">
            <subfield code="a">Gascón Pérez, Manuel</subfield>
            <subfield code="e">dir.</subfield>
        </datafield>
        <datafield tag="700" ind1=" " ind2=" ">
            <subfield code="a">Castillo Hernández, Juan Antonio</subfield>
            <subfield code="e">dir.</subfield>
        </datafield>
        <datafield tag="710" ind1="2" ind2=" ">
            <subfield code="a">Universidad de Zaragoza</subfield>
            <subfield code="b">Patología Animal</subfield>
        </datafield>
        <datafield tag="856" ind1="0" ind2=" ">
            <subfield code="f">pablog@unizar.es</subfield>
        </datafield>
        <datafield tag="856" ind1="4" ind2=" ">
            <subfield code="s">2009142</subfield>
            <subfield code="u">http://zaguan.unizar.es/record/4098/files/TESIS-2009-078.pdf</subfield>
            <subfield code="z">Texto completo (spa)</subfield>
        </datafield>
        <datafield tag="909" ind1="C" ind2="O">
            <subfield code="o">oai:zaguan.unizar.es:4098</subfield>
        </datafield>
        <datafield tag="909" ind1="c" ind2="o">
            <subfield code="p">tesis</subfield>
        </datafield>
        <datafield tag="909" ind1="C" ind2="O">
            <subfield code="p">driver</subfield>
        </datafield>
        <datafield tag="910" ind1="2" ind2=" ">
            <subfield code="a"></subfield>
            <subfield code="b">Patología Animal</subfield>
        </datafield>
        <datafield tag="980" ind1=" " ind2=" ">
            <subfield code="a">TESIS</subfield>
        </datafield>
    </record>

    
</collection>